000 00422nam a2200169Ia 4500
008 100917s9999 xx 000 0 und d
082 _b7093
100 _aदास देवेश
245 _aरक्तराग
260 _b---
365 _b0
520 _aकादंबरी
630 _aरक्तराग
650 _aकादंबरी
730 _aरक्तराग
942 _cBOOK
999 _c612487
_d612484